[Event "World Youth & Cadets Rapid Championships"]
[Site "Rhodes, Greece"]
[Date "2022.05.01"]
[Round "1.19"]
[White "Niezhentsev, Kyrylo"]
[Black "Cwiklik, Jonah"]
[Result "1-0"]
[TimeControl "10'/game & 5\"/move"]
[WhiteElo "1803"]
[BlackElo "1293"]

1. e4 {[%clk 00:10:09]} e5 {[%clk 00:10:09]} {[%emt 00:00:01]} 2. Nf3 {[%clk
00:10:13]} {[%emt 00:00:01]} Nc6 {[%clk 00:10:13]} {[%emt 00:00:02]} 3. Bb5
{[%clk 00:10:16]} {[%emt 00:00:02]} a6 {[%clk 00:10:16]} {[%emt 00:00:02]} 4.
Ba4 {[%clk 00:10:20]} {[%emt 00:00:01]} Nf6 {[%clk 00:10:19]} {[%emt 00:00:02]}
5. O-O {[%clk 00:10:22]} {[%emt 00:00:03]} b5 {[%clk 00:10:19]} {[%emt
00:00:04]} 6. Bb3 {[%clk 00:10:26]} {[%emt 00:00:01]} Bc5 {[%clk 00:10:12]}
{[%emt 00:00:11]} 7. a4 {[%clk 00:08:44]} {[%emt 00:01:48]} bxa4 {[%clk
00:10:00]} {[%emt 00:00:16]} 8. Bxa4 {[%clk 00:08:38]} {[%emt 00:00:13]} O-O
{[%clk 00:09:27]} {[%emt 00:00:37]} 9. Re1 {[%clk 00:06:15]} {[%emt 00:02:29]}
Re8 {[%clk 00:08:52]} {[%emt 00:00:39]} 10. c3 {[%clk 00:06:14]} {[%emt
00:00:07]} Bb7 {[%clk 00:08:19]} {[%emt 00:00:37]} 11. d4 {[%clk 00:05:31]}
{[%emt 00:00:49]} exd4 {[%clk 00:08:13]} {[%emt 00:00:10]} 12. cxd4 {[%clk
00:04:43]} {[%emt 00:00:54]} Bb4 {[%clk 00:08:06]} {[%emt 00:00:11]} 13. Bd2
{[%clk 00:04:47]} {[%emt 00:00:02]} Bxd2 {[%clk 00:07:59]} {[%emt 00:00:11]} 14.
Nbxd2 {[%clk 00:04:48]} {[%emt 00:00:03]} Ne7 {[%clk 00:07:18]} {[%emt
00:00:46]} 15. Ne5 {[%clk 00:04:21]} {[%emt 00:00:34]} Nc6 {[%clk 00:06:34]}
{[%emt 00:00:48]} 16. Qb3 {[%clk 00:04:17]} {[%emt 00:00:09]} Nxe5 {[%clk
00:06:16]} {[%emt 00:00:23]} 17. dxe5 {[%clk 00:04:20]} {[%emt 00:00:02]} Nxe4
{[%clk 00:05:17]} {[%emt 00:01:04]} 18. Nxe4 {[%clk 00:04:23]} {[%emt
00:00:02]} Bxe4 {[%clk 00:05:19]} {[%emt 00:00:03]} 19. Rxe4 {[%clk 00:04:26]}
{[%emt 00:00:02]} Rb8 {[%clk 00:04:59]} {[%emt 00:00:24]} 20. Qc3 {[%clk
00:04:25]} {[%emt 00:00:07]} c6 {[%clk 00:04:45]} {[%emt 00:00:20]} 21. Rd1
{[%clk 00:04:19]} {[%emt 00:00:10]} Qb6 {[%clk 00:03:59]} {[%emt 00:00:50]} 22.
Rxd7 {[%clk 00:02:31]} {[%emt 00:01:54]} Qxb2 {[%clk 00:03:53]} {[%emt
00:00:11]} 23. Qxb2 {[%clk 00:02:34]} {[%emt 00:00:03]} Rxb2 {[%clk 00:03:56]}
{[%emt 00:00:02]} 24. g3 {[%clk 00:02:38]} {[%emt 00:00:01]} f5 {[%clk
00:03:05]} {[%emt 00:00:56]} 25. Re3 {[%clk 00:02:34]} {[%emt 00:00:07]} c5
{[%clk 00:02:27]} {[%emt 00:00:44]} 26. Bb3+ {[%clk 00:02:20]} {[%emt
00:00:20]} Kh8 {[%clk 00:02:16]} {[%emt 00:00:14]} 27. Bf7 {[%clk 00:02:23]}
{[%emt 00:00:04]} Rc8 {[%clk 00:01:57]} {[%emt 00:00:23]} 28. e6 {[%clk
00:02:22]} {[%emt 00:00:06]} h6 {[%clk 00:01:32]} {[%emt 00:00:30]} 29. Bg6
{[%clk 00:01:43]} {[%emt 00:00:45]} Rb6 {[%clk 00:01:22]} {[%emt 00:00:15]} 30.
e7 {[%clk 00:01:45]} {[%emt 00:00:03]} Rxg6 {[%clk 00:01:21]} {[%emt 00:00:06]}
31. Rd8+ {[%clk 00:01:47]} {[%emt 00:00:03]} Rxd8 {[%clk 00:01:20]} {[%emt
00:00:05]} 32. exd8=Q+ {[%clk 00:01:49]} {[%emt 00:00:04]} Kh7 {[%clk
00:01:23]} {[%emt 00:00:02]} 33. Re8 {[%clk 00:01:51]} {[%emt 00:00:03]} Rf6
{[%clk 00:01:24]} {[%emt 00:00:03]} 34. Rh8+ {[%clk 00:01:54]} {[%emt
00:00:03]} Kg6 {[%clk 00:01:27]} {[%emt 00:00:02]} 35. Qe8+ {[%clk 00:01:57]}
{[%emt 00:00:02]} Kg5 {[%clk 00:01:26]} {[%emt 00:00:05]} 36. h4+ {[%clk
00:02:00]} {[%emt 00:00:03]} Kg4 {[%clk 00:01:25]} {[%emt 00:00:05]} 37. Qe2+
{[%clk 00:02:03]} {[%emt 00:00:02]} Kh3 {[%clk 00:01:26]} {[%emt 00:00:04]} 38.
Qf3 {[%clk 00:01:43]} {[%emt 00:00:26]} Rg6 {[%clk 00:01:20]} {[%emt 00:00:11]}
39. Qxf5+ {[%clk 00:01:40]} {[%emt 00:00:08]} Rg4 {[%clk 00:01:22]} {[%emt
00:00:02]} 40. f3 {[%clk 00:01:44]} {[%emt 00:00:02]} h5 {[%clk 00:01:22]}
{[%emt 00:00:04]} 41. Rxh5 {[%clk 00:01:46]} {[%emt 00:00:03]} c4 {[%clk
00:01:22]} {[%emt 00:00:05]} 42. Qxg4# {[%clk 00:01:50]} {[%emt 00:00:02]} 1-0

[Event "World Youth & Cadets Rapid Championships"]
[Site "Rhodes, Greece"]
[Date "2022.05.01"]
[Round "1.20"]
[White "Grose, Kameron"]
[Black "Balint, Peter"]
[Result "0-1"]
[TimeControl "10'/game & 5\"/move"]
[WhiteElo "1288"]
[BlackElo "1721"]

1. e4 {[%clk 00:10:09]} c5 {[%clk 00:10:02]} {[%emt 00:00:08]} 2. Nf3 {[%clk
00:10:13]} {[%emt 00:00:01]} e6 {[%emt 00:00:02]} 3. d4 {[%clk 00:10:17]} cxd4
{[%clk 00:10:10]} {[%emt 00:00:01]} 4. Nxd4 {[%clk 00:10:19]} {[%emt 00:00:02]}
a6 {[%clk 00:10:11]} {[%emt 00:00:05]} 5. Nc3 {[%clk 00:10:22]} {[%emt
00:00:01]} b5 {[%clk 00:10:10]} {[%emt 00:00:06]} 6. Be3 {[%clk 00:10:21]}
{[%emt 00:00:06]} Bb7 {[%clk 00:10:12]} {[%emt 00:00:04]} 7. f3 {[%clk
00:10:22]} {[%emt 00:00:03]} Nf6 {[%clk 00:09:37]} {[%emt 00:00:39]} 8. Qd2
{[%clk 00:10:24]} {[%emt 00:00:04]} Bb4 {[%clk 00:09:17]} {[%emt 00:00:25]} 9.
a3 {[%clk 00:10:27]} {[%emt 00:00:02]} Be7 {[%clk 00:08:53]} {[%emt 00:00:30]}
10. g4 {[%clk 00:10:25]} {[%emt 00:00:07]} h6 {[%clk 00:08:13]} {[%emt
00:00:44]} 11. h4 {[%clk 00:10:28]} {[%emt 00:00:02]} d5 {[%clk 00:08:01]}
{[%emt 00:00:18]} 12. e5 {[%clk 00:10:32]} Nfd7 {[%clk 00:08:02]} {[%emt
00:00:04]} 13. f4 {[%clk 00:10:35]} {[%emt 00:00:01]} Nc6 {[%clk 00:07:41]}
{[%emt 00:00:26]} 14. Bg2 {[%clk 00:10:24]} {[%emt 00:00:16]} Na5 {[%clk
00:07:12]} {[%emt 00:00:35]} 15. g5 {[%clk 00:09:40]} {[%emt 00:00:48]} Nc4
{[%clk 00:07:06]} {[%emt 00:00:12]} 16. Qc1 {[%clk 00:09:37]} {[%emt 00:00:07]}
hxg5 {[%clk 00:06:48]} {[%emt 00:00:23]} 17. hxg5 {[%clk 00:09:35]} {[%emt
00:00:08]} Rxh1+ {[%clk 00:06:50]} {[%emt 00:00:02]} 18. Bxh1 {[%clk 00:09:38]}
{[%emt 00:00:01]} Qc7 {[%clk 00:06:51]} {[%emt 00:00:05]} 19. Nce2 {[%clk
00:09:02]} {[%emt 00:00:40]} O-O-O {[%clk 00:06:46]} {[%emt 00:00:11]} 20. b3
{[%clk 00:08:56]} {[%emt 00:00:11]} Rh8 {[%clk 00:06:42]} {[%emt 00:00:10]} 21.
Bg2 {[%clk 00:08:15]} {[%emt 00:00:45]} Qa5+ {[%clk 00:05:30]} {[%emt
00:01:17]} 22. Bd2 {[%clk 00:07:46]} {[%emt 00:00:34]} Nxd2 {[%clk 00:05:29]}
{[%emt 00:00:07]} 23. Qxd2 {[%clk 00:07:49]} {[%emt 00:00:02]} Qb6 {[%clk
00:05:10]} {[%emt 00:00:24]} 24. O-O-O {[%clk 00:07:31]} {[%emt 00:00:21]}
Bxa3+ {[%clk 00:05:05]} {[%emt 00:00:11]} 25. Kb1 {[%clk 00:07:35]} {[%emt
00:00:01]} Be7 {[%clk 00:04:57]} {[%emt 00:00:14]} 26. Rh1 {[%clk 00:07:20]}
{[%emt 00:00:19]} Rxh1+ {[%clk 00:05:00]} {[%emt 00:00:02]} 27. Bxh1 {[%clk
00:07:24]} f6 {[%clk 00:04:58]} {[%emt 00:00:07]} 28. exf6 {[%clk 00:07:06]}
{[%emt 00:00:23]} gxf6 {[%clk 00:05:02]} {[%emt 00:00:01]} 29. g6 {[%clk
00:07:02]} {[%emt 00:00:09]} e5 {[%clk 00:04:25]} {[%emt 00:00:42]} 30. Nf5
{[%clk 00:06:53]} {[%emt 00:00:14]} Qe6 {[%clk 00:03:57]} {[%emt 00:00:33]} 31.
g7 {[%clk 00:06:44]} {[%emt 00:00:14]} Bf8 {[%clk 00:02:28]} {[%emt 00:01:35]}
32. gxf8=Q+ {[%emt 00:00:24]} Nxf8 {[%emt 00:00:02]} 33. Ne3 {[%clk 00:05:56]}
{[%emt 00:00:36]} d4 {[%clk 00:02:30]} {[%emt 00:00:04]} 34. Bxb7+ Kxb7 35. Nd1
{[%clk 00:05:38]} {[%emt 00:00:20]} Qc6 {[%clk 00:02:23]} {[%emt 00:00:13]} 36.
fxe5 {[%clk 00:05:35]} {[%emt 00:00:07]} fxe5 {[%clk 00:02:27]} {[%emt
00:00:02]} 37. Qd3 {[%clk 00:05:18]} {[%emt 00:00:19]} Ne6 {[%clk 00:02:30]}
{[%emt 00:00:04]} 38. Qh7+ {[%clk 00:05:19]} {[%emt 00:00:03]} Kb6 {[%clk
00:02:24]} {[%emt 00:00:12]} 39. Qf5 {[%clk 00:04:43]} {[%emt 00:00:33]} Qd5
{[%clk 00:02:09]} {[%emt 00:00:28]} 40. Nc1 {[%clk 00:03:52]} {[%emt 00:00:57]}
Nc5 {[%clk 00:02:03]} {[%emt 00:00:11]} 41. Nd3 {[%clk 00:03:36]} {[%emt
00:00:20]} Nxd3 {[%clk 00:02:06]} {[%emt 00:00:02]} 42. Qxd3 {[%clk 00:03:39]}
{[%emt 00:00:02]} e4 {[%clk 00:02:09]} {[%emt 00:00:03]} 43. Qd2 {[%clk
00:03:37]} {[%emt 00:00:06]} Qe5 {[%clk 00:01:44]} {[%emt 00:00:30]} 44. Qf2
{[%clk 00:03:22]} {[%emt 00:00:20]} a5 {[%clk 00:01:04]} {[%emt 00:00:46]} 45.
c3 {[%clk 00:03:21]} {[%emt 00:00:05]} e3 {[%clk 00:01:08]} {[%emt 00:00:02]}
46. Qe2 {[%clk 00:03:08]} {[%emt 00:00:17]} Qe4+ {[%clk 00:00:56]} {[%emt
00:00:18]} 47. Kb2 {[%clk 00:03:07]} {[%emt 00:00:05]} Kc5 {[%clk 00:00:28]}
{[%emt 00:00:33]} 48. cxd4+ {[%clk 00:02:36]} {[%emt 00:00:35]} Qxd4+ {[%clk
00:00:32]} {[%emt 00:00:02]} 49. Kc2 {[%clk 00:02:35]} {[%emt 00:00:05]} Qe4+
{[%clk 00:00:31]} {[%emt 00:00:07]} 50. Kb2 {[%clk 00:02:08]} {[%emt 00:00:32]}
Kd4 {[%clk 00:00:24]} {[%emt 00:00:12]} 51. Qxb5 {[%emt 00:00:35]} Qg2+ {[%clk
00:00:28]} 52. Ka3 {[%clk 00:01:30]} {[%emt 00:00:14]} e2 {[%clk 00:00:25]}
{[%emt 00:00:08]} 53. Qc4+ {[%clk 00:01:33]} {[%emt 00:00:02]} Ke5 {[%clk
00:00:29]} {[%emt 00:00:02]} 54. Qb5+ {[%clk 00:01:28]} {[%emt 00:00:09]} Kf4
{[%clk 00:00:28]} {[%emt 00:00:05]} 55. Qc4+ {[%clk 00:01:21]} {[%emt
00:00:13]} Kg3 {[%clk 00:00:25]} {[%emt 00:00:09]} 56. Qg8 {[%clk 00:01:02]}
{[%emt 00:00:24]} Kf4 {[%clk 00:00:15]} {[%emt 00:00:15]} 57. Qc4+ {[%clk
00:00:45]} {[%emt 00:00:21]} Ke5 {[%clk 00:00:12]} {[%emt 00:00:08]} 58. Qb5+
{[%clk 00:00:45]} {[%emt 00:00:06]} Kf6 {[%clk 00:00:09]} {[%emt 00:00:08]} 59.
Qb6+ {[%clk 00:00:40]} {[%emt 00:00:09]} Ke7 {[%clk 00:00:12]} {[%emt
00:00:03]} 60. Qe3+ {[%clk 00:00:39]} {[%emt 00:00:05]} Kd6 {[%clk 00:00:12]}
{[%emt 00:00:05]} 61. Nc3 {[%clk 00:00:30]} {[%emt 00:00:14]} Qg7 {[%clk
00:00:15]} {[%emt 00:00:02]} 62. Nxe2 {[%clk 00:00:26]} {[%emt 00:00:08]} Qa1#
{[%clk 00:00:14]} {[%emt 00:00:02]} 0-1

[Event "World Youth & Cadets Rapid Championships"]
[Site "Rhodes, Greece"]
[Date "2022.05.01"]
[Round "1.21"]
[White "Kairat, Alexander"]
[Black "Mansurov, Yusuf"]
[Result "0-1"]
[TimeControl "10'/game & 5\"/move"]
[WhiteElo "1285"]
[BlackElo "1848"]

1. e4 {[%clk 00:10:08]} {[%emt 00:00:01]} c6 {[%clk 00:10:07]} {[%emt
00:00:03]} 2. d4 {[%clk 00:10:11]} {[%emt 00:00:03]} d5 {[%clk 00:10:11]}
{[%emt 00:00:02]} 3. exd5 {[%clk 00:10:12]} {[%emt 00:00:04]} cxd5 {[%clk
00:10:14]} {[%emt 00:00:01]} 4. Nc3 {[%clk 00:10:16]} {[%emt 00:00:02]} Nf6
{[%clk 00:10:08]} {[%emt 00:00:10]} 5. Nf3 {[%clk 00:10:19]} {[%emt 00:00:02]}
g6 {[%clk 00:09:46]} {[%emt 00:00:27]} 6. Bf4 {[%clk 00:10:18]} {[%emt
00:00:06]} Nc6 {[%clk 00:09:17]} {[%emt 00:00:35]} 7. Bd3 {[%clk 00:10:14]}
{[%emt 00:00:09]} Bg7 {[%clk 00:09:15]} {[%emt 00:00:06]} 8. Be2 {[%clk
00:09:49]} {[%emt 00:00:31]} O-O {[%clk 00:09:05]} {[%emt 00:00:15]} 9. O-O
{[%clk 00:09:46]} {[%emt 00:00:07]} Ne4 {[%clk 00:08:55]} {[%emt 00:00:15]} 10.
Bb5 {[%clk 00:08:45]} {[%emt 00:01:07]} Bg4 {[%clk 00:08:35]} {[%emt 00:00:24]}
11. Bxc6 {[%clk 00:08:18]} {[%emt 00:00:32]} bxc6 {[%clk 00:08:38]} {[%emt
00:00:02]} 12. h3 {[%clk 00:08:22]} Bxf3 {[%clk 00:07:28]} {[%emt 00:01:15]} 13.
Qxf3 {[%clk 00:07:52]} {[%emt 00:00:36]} f5 {[%clk 00:07:26]} {[%emt 00:00:06]}
14. Qd3 {[%clk 00:07:07]} {[%emt 00:00:34]} Qb6 {[%clk 00:07:19]} {[%emt
00:00:29]} 15. Ne2 {[%clk 00:06:04]} {[%emt 00:01:08]} g5 {[%clk 00:06:21]}
{[%emt 00:01:03]} 16. Bc1 {[%clk 00:04:43]} {[%emt 00:01:26]} f4 {[%clk
00:05:51]} {[%emt 00:00:34]} 17. c3 {[%clk 00:03:42]} {[%emt 00:01:06]} Rf7
{[%clk 00:04:44]} {[%emt 00:01:12]} 18. f3 {[%clk 00:03:41]} {[%emt 00:00:06]}
Nd6 {[%clk 00:04:42]} {[%emt 00:00:07]} 19. b3 {[%clk 00:03:32]} {[%emt
00:00:14]} e5 {[%clk 00:04:39]} {[%emt 00:00:09]} 20. Ba3 {[%clk 00:02:59]}
{[%emt 00:00:38]} Nb7 {[%clk 00:04:08]} {[%emt 00:00:35]} 21. Kh1 {[%clk
00:02:52]} {[%emt 00:00:12]} Re8 {[%clk 00:03:20]} {[%emt 00:00:54]} 22. Rad1
{[%clk 00:01:20]} {[%emt 00:01:37]} Qa5 {[%clk 00:02:18]} {[%emt 00:01:08]} 23.
Bb2 {[%clk 00:01:14]} {[%emt 00:00:12]} Qxa2 {[%clk 00:01:59]} {[%emt
00:00:23]} 24. Qc2 {[%clk 00:01:16]} {[%emt 00:00:02]} Qa5 {[%clk 00:01:56]}
{[%emt 00:00:08]} 25. Ra1 {[%clk 00:01:16]} {[%emt 00:00:06]} Qb6 {[%clk
00:01:56]} {[%emt 00:00:05]} 26. Rfe1 {[%clk 00:01:08]} {[%emt 00:00:14]} e4
{[%clk 00:00:57]} {[%emt 00:01:04]} 27. fxe4 {[%clk 00:01:00]} {[%emt
00:00:12]} dxe4 {[%clk 00:01:00]} {[%emt 00:00:02]} 28. Nc1 {[%clk 00:00:51]}
{[%emt 00:00:13]} Rfe7 {[%clk 00:00:32]} {[%emt 00:00:35]} 29. Ba3 {[%clk
00:00:47]} {[%emt 00:00:09]} Re6 {[%clk 00:00:35]} {[%emt 00:00:02]} 30. Bb2
{[%clk 00:00:37]} {[%emt 00:00:15]} a5 {[%clk 00:00:32]} {[%emt 00:00:08]} 31.
Ne2 {[%clk 00:00:21]} {[%emt 00:00:21]} Qc7 {[%clk 00:00:32]} {[%emt 00:00:05]}
32. c4 {[%clk 00:00:16]} {[%emt 00:00:10]} f3 {[%clk 00:00:31]} {[%emt
00:00:05]} 33. gxf3 {[%clk 00:00:14]} {[%emt 00:00:06]} exf3 {[%clk 00:00:33]}
{[%emt 00:00:03]} 34. Rad1 {[%clk 00:00:06]} {[%emt 00:00:13]} Rxe2 {[%clk
00:00:34]} {[%emt 00:00:04]} 35. Rxe2 {[%clk 00:00:09]} {[%emt 00:00:02]} Rxe2
{[%clk 00:00:37]} {[%emt 00:00:02]} 0-1

[Event "World Youth & Cadets Rapid Championships"]
[Site "Rhodes, Greece"]
[Date "2022.05.01"]
[Round "1.22"]
[White "Negrean, Andrei"]
[Black "Barbier-Ramaiah, Rohan Theo"]
[Result "1-0"]
[TimeControl "10'/game & 5\"/move"]
[WhiteElo "1806"]
[BlackElo "1280"]

1. d4 {[%clk 00:10:03]} {[%emt 00:00:06]} Nf6 {[%clk 00:10:06]} {[%emt
00:00:05]} 2. Nf3 {[%clk 00:10:05]} {[%emt 00:00:03]} g6 {[%clk 00:10:09]}
{[%emt 00:00:02]} 3. g3 {[%clk 00:10:08]} {[%emt 00:00:02]} Bg7 {[%clk
00:10:11]} {[%emt 00:00:04]} 4. Bg2 {[%clk 00:10:12]} d6 {[%clk 00:10:13]}
{[%emt 00:00:02]} 5. O-O {[%clk 00:10:12]} {[%emt 00:00:05]} O-O {[%clk
00:10:14]} {[%emt 00:00:04]} 6. b3 {[%clk 00:10:15]} {[%emt 00:00:02]} Nbd7
{[%clk 00:10:01]} {[%emt 00:00:17]} 7. Bb2 {[%clk 00:10:17]} {[%emt 00:00:05]}
Re8 {[%clk 00:09:41]} {[%emt 00:00:25]} 8. c4 {[%clk 00:09:30]} {[%emt
00:00:51]} c6 {[%clk 00:09:12]} {[%emt 00:00:35]} 9. Nc3 {[%clk 00:08:08]}
{[%emt 00:01:27]} e6 {[%clk 00:09:01]} {[%emt 00:00:15]} 10. Qc2 {[%clk
00:07:35]} {[%emt 00:00:38]} e5 {[%clk 00:08:03]} {[%emt 00:01:03]} 11. dxe5
{[%clk 00:07:22]} {[%emt 00:00:19]} dxe5 {[%clk 00:08:01]} {[%emt 00:00:07]} 12.
Rad1 {[%clk 00:05:39]} {[%emt 00:01:48]} Qc7 {[%clk 00:07:56]} {[%emt
00:00:09]} 13. Ba3 {[%clk 00:03:21]} {[%emt 00:02:24]} Rb8 {[%clk 00:07:27]}
{[%emt 00:00:33]} 14. Bd6 {[%clk 00:03:25]} {[%emt 00:00:02]} Qb6 {[%clk
00:07:08]} {[%emt 00:00:24]} 15. Na4 {[%clk 00:03:23]} {[%emt 00:00:07]} Qd8
{[%clk 00:07:04]} {[%emt 00:00:07]} 16. Bxb8 {[%clk 00:03:27]} {[%emt
00:00:03]} a6 {[%clk 00:06:43]} {[%emt 00:00:26]} 17. Bxe5 {[%clk 00:03:24]}
{[%emt 00:00:07]} Qe7 {[%clk 00:06:24]} {[%emt 00:00:24]} 18. Ba1 {[%clk
00:03:04]} {[%emt 00:00:25]} Qxe2 {[%clk 00:06:15]} {[%emt 00:00:14]} 19. Qxe2
{[%clk 00:03:03]} {[%emt 00:00:06]} Rxe2 {[%clk 00:06:17]} {[%emt 00:00:03]} 20.
Nc3 {[%clk 00:03:04]} {[%emt 00:00:06]} Re8 {[%clk 00:06:14]} {[%emt 00:00:07]}
21. Rfe1 {[%clk 00:03:06]} {[%emt 00:00:03]} Rxe1+ {[%clk 00:06:05]} {[%emt
00:00:14]} 22. Rxe1 {[%clk 00:03:04]} {[%emt 00:00:07]} b5 {[%clk 00:06:04]}
{[%emt 00:00:07]} 23. Nd4 {[%clk 00:02:53]} {[%emt 00:00:15]} c5 {[%clk
00:05:27]} {[%emt 00:00:42]} 24. Nc6 {[%clk 00:02:56]} {[%emt 00:00:02]} Kf8
{[%clk 00:04:43]} {[%emt 00:00:48]} 25. cxb5 {[%clk 00:02:56]} {[%emt
00:00:06]} axb5 {[%clk 00:04:46]} {[%emt 00:00:02]} 26. Nxb5 {[%clk 00:03:00]}
{[%emt 00:00:01]} Ba6 {[%clk 00:04:43]} {[%emt 00:00:08]} 27. Nd6 {[%clk
00:02:48]} {[%emt 00:00:14]} Bd3 {[%clk 00:01:42]} {[%emt 00:03:09]} 28. Re7
{[%clk 00:02:41]} {[%emt 00:00:11]} Kg8 {[%clk 00:01:06]} {[%emt 00:00:40]} 29.
Rxf7 {[%clk 00:02:33]} {[%emt 00:00:14]} Bf5 {[%clk 00:00:46]} {[%emt
00:00:21]} 30. Ne7+ {[%clk 00:02:31]} {[%emt 00:00:12]} Kh8 {[%clk 00:00:38]}
{[%emt 00:00:12]} 31. Nexf5 {[%clk 00:02:13]} {[%emt 00:00:23]} gxf5 {[%clk
00:00:36]} {[%emt 00:00:07]} 32. Nxf5 {[%clk 00:02:17]} {[%emt 00:00:02]} Bf8
{[%clk 00:00:12]} {[%emt 00:00:27]} 33. Rxd7 {[%clk 00:02:18]} {[%emt
00:00:06]} 1-0

[Event "World Youth & Cadets Rapid Championships"]
[Site "Rhodes, Greece"]
[Date "2022.05.01"]
[Round "1.23"]
[White "Bekmukhanov, Sauran"]
[Black "Tak, Rannveer"]
[Result "0-1"]
[TimeControl "10'/game & 5\"/move"]
[WhiteElo "1276"]
[BlackElo "1746"]

1. e4 {[%clk 00:10:08]} {[%emt 00:00:02]} e6 {[%clk 00:10:09]} {[%emt
00:00:02]} 2. d4 {[%clk 00:10:09]} {[%emt 00:00:03]} d5 {[%clk 00:10:12]}
{[%emt 00:00:03]} 3. Nc3 {[%clk 00:10:12]} {[%emt 00:00:02]} Nf6 {[%clk
00:10:07]} {[%emt 00:00:10]} 4. e5 {[%clk 00:10:15]} {[%emt 00:00:02]} Nfd7
{[%clk 00:10:10]} {[%emt 00:00:03]} 5. f4 {[%clk 00:10:17]} {[%emt 00:00:02]}
c5 {[%clk 00:10:06]} {[%emt 00:00:09]} 6. Nf3 {[%clk 00:10:19]} {[%emt
00:00:03]} Nc6 {[%clk 00:10:02]} {[%emt 00:00:10]} 7. Be3 {[%clk 00:10:21]}
{[%emt 00:00:02]} a6 {[%clk 00:09:40]} {[%emt 00:00:27]} 8. Bd3 {[%clk
00:08:47]} {[%emt 00:01:39]} Be7 {[%clk 00:09:06]} {[%emt 00:00:38]} 9. O-O
{[%clk 00:08:33]} {[%emt 00:00:20]} cxd4 {[%clk 00:07:32]} {[%emt 00:01:39]} 10.
Nxd4 {[%clk 00:07:16]} {[%emt 00:01:22]} Nxd4 {[%clk 00:05:19]} {[%emt
00:02:18]} 11. Bxd4 {[%clk 00:07:19]} {[%emt 00:00:02]} Bc5 {[%clk 00:05:09]}
{[%emt 00:00:15]} 12. Bxc5 {[%clk 00:05:47]} {[%emt 00:01:37]} Nxc5 {[%clk
00:05:11]} {[%emt 00:00:03]} 13. f5 {[%clk 00:03:52]} {[%emt 00:02:00]} Qb6
{[%clk 00:04:37]} {[%emt 00:00:38]} 14. Kh1 {[%clk 00:03:48]} {[%emt 00:00:10]}
Qxb2 {[%clk 00:04:08]} {[%emt 00:00:32]} 15. Qd2 {[%clk 00:02:11]} {[%emt
00:01:43]} Nxd3 {[%clk 00:02:27]} {[%emt 00:01:47]} 16. Qxd3 {[%clk 00:02:12]}
{[%emt 00:00:04]} O-O {[%clk 00:02:20]} {[%emt 00:00:12]} 17. f6 {[%clk
00:02:15]} {[%emt 00:00:02]} g6 {[%clk 00:02:20]} {[%emt 00:00:05]} 18. Qe3
{[%clk 00:02:07]} {[%emt 00:00:12]} Kh8 {[%clk 00:01:38]} {[%emt 00:00:48]} 19.
Qh6 {[%clk 00:02:10]} {[%emt 00:00:02]} Rg8 {[%clk 00:01:41]} {[%emt 00:00:02]}
20. Rf3 {[%clk 00:02:13]} {[%emt 00:00:02]} Qxa1+ {[%clk 00:01:42]} {[%emt
00:00:05]} 21. Nb1 {[%clk 00:01:59]} {[%emt 00:00:19]} Qxb1+ {[%clk 00:01:44]}
{[%emt 00:00:02]} 22. Qc1 {[%clk 00:02:03]} {[%emt 00:00:02]} 0-1